Turkey : true stories
Saved in:
| Other Authors: | |
|---|---|
| Format: | Book |
| Language: | English |
| Published: |
San Francisco :
Travelers' Tales,
2002.
|
| Series: | (Travelers' Tales guides)
|
| Subjects: | |
| Tags: |
Add Tag
No Tags, Be the first to tag this record!
|
MARC
| LEADER | 00000nam a2200000 a 4500 | ||
|---|---|---|---|
| 001 | 1/126761 | ||
| 008 | 230531s2002####us | ||| |||| ||eng|| | ||
| 020 | |a 1885211821 | ||
| 040 | |a GR-MyUa |b gre |c GR-MyUa |e AACR2 | ||
| 041 | 0 | |a eng | |
| 082 | 7 | |a 956.1 |2 (23) | |
| 245 | 0 | 0 | |a Turkey : |b true stories / |c edited by James Villers Jr. |
| 260 | |a San Francisco : |b Travelers' Tales, |c 2002. | ||
| 300 | |a xix, 284 σ. ; |c 20 εκ. | ||
| 490 | 0 | |a (Travelers' Tales guides) | |
| 500 | |a Series editors James O'Reilly and Larry Habegger. | ||
| 651 | 0 | |a Turkey |x Description and travel. | |
| 700 | 1 | |a Villers, James, |d 1966- |e edt | |
| 852 | |a INST |b LESVOS |e 20230531 |h 956.1 TUR |p 005100064500 |q 005100064500 |t BK |y 0 | ||
| 970 | |a Δημάκη |b Μαρία |z 31-05-2023 | ||